000
00222nam a22000857a 4500
999
_c
11286
_d
11286
008
190118b ||||| |||| 00| 0 eng d
100
_a
Carroll Lewis
_9
7029
245
_a
Alice in Wonderland
260
_a
New Delhi
_b
Campfire
_c
2016